000 02343cam a2200361 a 4500
001 16968892
003 OSt
005 20230317113455.0
008 110920s2011 caua b 001 0 eng
010 _a 2011038520
020 _a0764216343
040 _aDLC
_cDLC
_dDLC
042 _apcc
050 0 0 _aBV4012.2
_b.W75
100 1 _aWright, H. Norman.
245 1 4 _aThe complete guide to crisis & trauma counseling :
_bwhat to do and say when it matters most! /
_cH. Norman Wright.
246 3 _aThe complete guide to crisis and trauma counseling
250 _aUpdated & expanded.
260 _aVentura, Calif. :
_bRegal/From Gospel Light,
_c2011.
300 _a458 p.
500 _aRev. ed. of: The new guide to crisis & trauma counseling.
504 _aIncludes bibliographical references and index.
505 0 _aIntroduction: crises: they're all around us -- Counseling from a biblical perspective -- Applications of biblical principles (part 1) -- Applications of biblical principles (part 2) -- Helping others recover from their losses in life (part 1) -- Helping others recover from their losses in life (part 2) -- Helping a grieving person recover and say goodbye -- What is a crisis? -- The phases of a crisis -- The process of crisis intervention -- When time doesn't heal all wounds -- Helping the trauma victim -- The crisis of death -- Deaths you will encounter -- The crisis of suicide -- Helping the suicidal person and his or her family -- Ministering to children at a time of loss, crisis, or trauma -- Children's crises -- Guidelines to help children in grief -- The crises of adolescence -- Helping the adolescent -- Conclusion: using Scripture and prayer and making referrals.
650 0 _aPastoral counseling.
650 0 _aCrisis intervention (Mental health services)
650 0 _aPsychic trauma
_xPatients
_xPastoral counseling of.
700 1 _aWright, H. Norman.
_tNew guide to crisis & trauma counseling.
856 4 2 _3Contributor biographical information
_uhttp://www.loc.gov/catdir/enhancements/fy1310/2011038520-b.html
856 4 2 _3Publisher description
_uhttp://www.loc.gov/catdir/enhancements/fy1310/2011038520-d.html
906 _a7
_bcbc
_corignew
_d1
_eecip
_f20
_gy-gencatlg
942 _2lcc
_cBK
999 _c20084
_d20083